000
00255 a2200097 4500
001
12250
100
_a
Ashiq M. Khan Durrani, Dr
245
_a
Tareekh-e-Afganistan bahawala Tareekh Sadozai
260
_a
_b
Sang-e-Meel Publications
_c
090
_c
9484
_d
9484
942
_a
NUST-CAE
_c
M
_c
36360
999
_c
247323
_d
247323